Countries with the highest tourism expenditures - Statistics

General Stats
  • This quiz has been taken 25 times
  • The average score is 9 of 10
Answer Stats
Country % Correct
France
96%
Italy
96%
Canada
92%
United Kingdom
92%
United States
92%
China
88%
Russia
88%
Australia
84%
Germany
84%
South korea
64%
No matching quizzes found
Score Distribution
Percent of People with Each Score
Percentile by Number Answered
Your Score History
You have not taken this quiz